| 000 | 00879nam a22001817a 4500 | ||
|---|---|---|---|
| 999 |
_c61020 _d61020 |
||
| 005 | 20231207153829.0 | ||
| 008 | 231207s1979 ru ||||| |||| 00| 0 rus d | ||
| 041 | _arus | ||
| 080 | _a7+008 А-94 | ||
| 100 |
_aАфанасьева, В.К. _920614 |
||
| 245 |
_aГильгамеш и Энкиду : _bЭпические образы в искусстве / _c В.К. Афанасьева. |
||
| 264 |
_aМ.: _b Наука, _c1979. |
||
| 300 |
_a 219 с.: _b ил. ; _c21 см. |
||
| 440 |
_aКультура народов Востока _920615 |
||
| 653 | _aგილგამეში და ენქიდუ - მესოპოტამიის უძველესი ეპიკური გმირები | ||
| 653 | _aშუმერული ლიტერატურა. ეტიოლოგიური მითები | ||
| 942 |
_2udc _cᲬᲘᲒᲜᲘ |
||